000
00210 a2200109 4500
020
_a
9781558853430
041
_a
spa
100
_a
Mora, Pat
245
_a
La senora de la panaderia
942
_c
BK
952
_7
4
999
_c
20651
_d
20651